000 01414cam a2200397 i 4500
001 13259
003 KOSZ 005
005 20211126143750.0
008 080313s1967 pl f 001 0 pol
015 _aPB 1967/8187
040 _aWA N
_cWA N
_dKOSZ 005/HR
041 1 _apol
_heng
046 _k1967
080 _a519.61/.65
080 _a512.6
100 1 _aWilkinson, J. H.
_d(1919-1986)
_eAutor
245 1 0 _aBłędy zaokrągleń w procesach algebraicznych /
_cJ. H. Wilkinson ; [tł. A. Kiełbasiński i B. Kiełbasińska ; przedmowa: S. Paszkowski].
246 1 _iTyt. oryg. :
_aRounding errors in algebraic processes.
260 _aWarszawa :
_bPaństwowe Wydawnictwo Naukowe,
_c1967.
300 _a227, [1] s. ;
_c23 cm.
380 _aKsiążki
388 _a1901-2000
388 _a1945-1989
504 _aBibliogr. s. [221]-222. Indeks.
650 4 _aAnaliza numeryczna
650 4 _aWielomiany
650 4 _aMacierze
650 4 _aBłędy
658 _aMatematyka
700 1 _aPaszkowski, Stefan.
_ePrzedmowa
700 1 _aKiełbasiński, Andrzej
_d(1927-2019)
_eTłumaczenie
700 1 _aKiełbasińska, Barbara
_eTłumacxzenie
710 2 _aPaństwowe Wydawnictwo Naukowe
_4pbl.
856 _uhttp://koha.tu.koszalin.pl/cgi-bin/koha/opac-detail.pl?biblionumber=13259
_yKatalog online BPK
942 _2UKD
_cKS
999 _c13259
_d13259